Couponing
Nový štýl nákupov - couponing. Využívanie zliav v USA. Vysvetlenie pojmu couponing. Cieľ couponingu. Sprostredkovanie kupónov spotrebiteľovi. Hlavné distribučné metódy kupónov na zľavy. Hlavné rozhodnutia pre podporu predaja.
Gespeichert in:
| Format: | Buchkapitel |
|---|---|
| Sprache: | Tschechisch |
| Schlagworte: | |
| Tags: |
Keine Tags, Fügen Sie das erste Tag hinzu!
|
MARC
| LEADER | 00000naa a2200000 4500 | ||
|---|---|---|---|
| 001 | r021877 | ||
| 005 | 20230911123631.9 | ||
| 041 | 0 | |a cze | |
| 044 | |a CZ | ||
| 245 | 1 | 0 | |a Couponing |
| 520 | |a Nový štýl nákupov - couponing. Využívanie zliav v USA. Vysvetlenie pojmu couponing. Cieľ couponingu. Sprostredkovanie kupónov spotrebiteľovi. Hlavné distribučné metódy kupónov na zľavy. Hlavné rozhodnutia pre podporu predaja. | ||
| 610 | 2 | 0 | |a marketing |
| 610 | 2 | 0 | |a USA |
| 610 | 2 | 0 | |a podpora predaja |
| 610 | 2 | 0 | |a nástroje marketingové |
| 610 | 2 | 0 | |a kupóny |